000 00782nmc a2200289 a 4500
003 AR-BaBNM
005 20251128204116.0
008 305019s1992 ||||||||||||||000 | spa||
020 _a950-25-2624-4
040 _cAR-BaBNM
100 0 _aFray Mocho
_d1858-1903
245 1 0 _aLos costumbristas del 900
260 _aBuenos Aires
_bCentro Editor de América Latina
_c1992
300 1 _av, 165 p.
490 0 _aBiblioteca básica Argentina. Serie C
650 4 _aLITERATURA ARGENTINA
650 4 _aANTOLOGIAS
650 4 _aGENERACION DE 1880
653 0 _aCUENTOS ARGENTINOS
653 0 _aCOSTUMBRISMO
655 _aLITERATURA
700 1 _aLima, Félix
700 1 _aRomano, Eduardo
_ecompilador
700 1 _aBustos, Marta
_enotas
942 _cBK
998 _cCarmen
999 _c6207
_d6207